02185nam a2200277 i 4500999001500000001001900015003000400034005001700038008004100055020001800096040000900114100002800123245008300151264004600234300005900280504004800339505107200387650007701459650007501536650003901611650005301650650004701703650004401750942000801794952010501802 c8058d8058991061501269406706OSt20260325132250.0251023e202109 xx o 001 0 cat c a9788419571618 ccdmr1 aMacià, Miquel,d1957-10aVida i mort dels mitjans de comunicació de Vic (1939-2025) /cMiquel Macià 1aBarcelona :bSaldonar,csetembre del 2025 a622 pàgines :bfotografies en blanc i negre ;c25 cm aBibliografia: pàgines [533]-535. Índex8 aConté: Introducció -- 1. L’Ausona del franquisme -- 2. Les primeres ràdios -- 3. La Ràdio Vic en família de Ramon Bellafont -- 4. El 9 Nou del poble i de la democràcia -- 5. L’Ausona nacionalista -- 6. La Marxa de Catalunya -- 7. TVO i les televisions dels pioners -- 8. La Ràdio Vic de Joan Orriols -- 9. Els millors anys d’El 9 Nou -- 10. La TVO d’Orriols i Monells -- 11. L’Ausona de Prensa Ibérica -- 12. La Ràdio Vic de Luis del Olmo -- 13. Les ràdios del Portalet: Ona Osona i Ràdio Vic -- 14. La factoria Romeu: TVO, La Marxa i el Més La Marxa -- 15. Nicola Pedrazzoli, l’home de Telecinco, al Canal Català Osona -- 16. La factoria Turró: premsa, Ràdio Vic i TVO -- 17. La factoria Debant: Canal Taronja i Cadena SER -- 18. La premsa comercial gratuïta -- 19. Osona.com, la premsa digital -- 20. El 9 Nou, sense competència però en decadència -- 21. Què se’n va fer, d’aquella gent i del seu periodisme? -- 22. La pregunta: tenen futur els mitjans de comunicació local? -- Annex documenta -- Cronologia 7aMitjans de comunicació de massazCatalunyazVicxHistòriay1939-2025 7aMitjans de comunicació de massa localszCatalunyazOsonaxHistòria 7aPremsazCatalunyazVicxHistòria 7aPremsa electrònicazCatalunyazVicxHistòria 7aRadiodifusiózCatalunyazVicxHistòria 7aTelevisiózCatalunyazVicxHistòria cMON 00104070aCDMRbCDMRd2026-03-25eDonaciól0oDu 8/60pCDMR26031259r2026-03-25w2026-03-25yMON